| 000 | 00800nam a2200253Ia 4500 | ||
|---|---|---|---|
| 008 | 160803s9999 xx 000 0 und d | ||
| 020 | _a0 439730678 | ||
| 100 | _aWinters, Kay | ||
| 245 | _aAbe Lincoln : | ||
| 245 | _bthe boy who loved books / | ||
| 245 | _cby Kay Winters ; illustrated by Nancy Carpenter. | ||
| 260 | _aNew York : | ||
| 260 | _bScholastic Inc. | ||
| 260 | _c2003 | ||
| 300 | _a1 volume (unpaged) : | ||
| 300 | _bcolor illustrations ; | ||
| 300 | _c26 cm | ||
| 500 | _a"This edition is only available for distribution through the school market"--Page 4 of cover. | ||
| 650 | _aJuvenile literature. | ||
| 650 | _aLincoln, Abraham, -- 1809-1865 -- | ||
| 650 | _xJuvenile literature. | ||
| 650 | _xPresidents -- United States -- Biography -- | ||
| 700 | _a480 | ||
| 999 |
_c299221 _d299221 |
||